| 000 | 00584nam a22001811i 4500 | ||
|---|---|---|---|
| 001 | 000030430 | ||
| 003 | RuMoIPM | ||
| 005 | 20260428114501.0 | ||
| 008 | 130426s1963----ur | c rus | ||
| 040 |
_aRuMoIPM _brus _ercr |
||
| 041 | 0 | _arus | |
| 080 | _a51(075.8) | ||
| 100 | 1 | _aНатансон, Исидор Павлович | |
| 245 | 1 |
_aКраткий курс высшей математики _b[учебник для втузов] _cИ. П. Натансон |
|
| 260 |
_aМосква _aЛенинград _bФизматгиз _c1963 |
||
| 300 |
_a748 с. _bил. |
||
| 942 | _cBK | ||
| 999 |
_c30430 _d30430 |
||